| 000 | 00829nam a22002177a 4500 | ||
|---|---|---|---|
| 999 |
_c13274 _d13274 |
||
| 003 | AR-CdUCM | ||
| 008 | 190411b ||||| |||| 00| 0 spa d | ||
| 040 |
_aMUNICIPALIDAD PROVINCIAL DEL CUSCO _cBIBLIOTECA MUNICIPAL DEL CUSCO |
||
| 082 |
_a335.4 / _bM12 / 1932 |
||
| 100 |
_aMacdonald, Ramsay _931605 |
||
| 245 | _aSocialismo / | ||
| 260 |
_aChile : _bNueva Época, _c1932. |
||
| 300 |
_a230 páginas ; _c20 cm. |
||
| 505 | _aPolítica -- Aspectos económicos e industriales -- El frasco económico del capitalismo -- El intelecto bajo el capitalismo -- El método socialista -- Lo que no es socialismo... | ||
| 650 |
_aSocialismo. _91037 |
||
| 650 |
_aMétodo socialista. _931606 |
||
| 650 |
_aPolítica. _9291 |
||
| 650 |
_aAspectos económicos e industriales. _931607 |
||
| 942 |
_2ddc _cLIBROS |
||
| 945 |
_awfj _d2019-04-11 |
||